| 000 | 00365nam a2200145 i 4500 | ||
|---|---|---|---|
| 001 | bg | ||
| 245 | 0 |
_aFizika metallovv i elektrony / _cperev. s ang. L. S. Varsavskoj. |
|
| 260 |
_aMoskva : _bIzdat. "Mir", _c1972. |
||
| 300 |
_as. 464 : _bilustr. |
||
| 040 | _cBPK | ||
| 041 | _apol | ||
| 080 | _a538.9 | ||
| 942 | _cKS | ||
| 008 | s pl f |000 0 pol | ||
| 999 |
_c14981 _d14981 |
||
| 856 |
_uhttp://koha.tu.koszalin.pl/cgi-bin/koha/opac-detail.pl?biblionumber=14981 _yKatalog online BPK |
||